000 01072nmm a2200313 a 4500
001 ocm0001520523
003 TR-IsHL
005 20201028162725.0
008 170122s2014 tu tur
007 cr cn
020 _a9786051623108
035 _a1520523
_b(N$T)
050 0 4 _aBP80.N89
_bB4 2014
090 0 4 _aBP80.N89
_bB4 2014
100 1 _aBedir, Ali
245 1 0 _aGündelik hayatın direnişi: Bediüzzaman teolojisinde gündelik hayat
_h[electronic resource] /
_cAli Bedir
260 _aİstanbul :
_bEtkileşim,
_c2014
300 _a192 p.
650 4 _aFelsefe, Psikoloji ve Din
650 4 _aPhilosophy, Psychology and Religion
650 0 _aNursi, Bediüzzaman Said,1873-1960
650 0 _aİslam
_x İman
650 0 _aIslam
_x Faith
650 0 _aKur'an-ı Kerîm
_x Eleştiri, yorum, v.b.
650 0 _aKoran
_x Criticism, interpretation, etc.
650 0 _aCreation (Islam)
650 7 _aRELIGION / Islam / History
_2bisacsh
856 4 0 _uhttp://search.ebscohost.com/login.aspx?direct=true&scope=site&db=e011xww&AN=1520523
999 _c14935
_d14935